000 00325pab a2200145 454500
008 180718b90-1 xxu||||| |||| 00| 0 eng d
100 _aReed, Ralph
245 _aPublic health service esprit
260 _c90-1
300 _a5-6
362 _aWinter
650 _aHealth Services
773 _aBureaucrat
909 _a10078
999 _c10078
_d10078